Countries that Produce the most Oil - Statistics

General Stats
  • This quiz has been taken 230 times
  • The average score is 13 of 17
Answer Stats
Barrels/Day(Millions) Answer % Correct
12.5 United States
99%
10.8 Russia
97%
11.6 Saudi Arabia
95%
4.4 China
93%
3.4 Iran
91%
4.3 Canada
90%
3.5 United Arab Emirates
88%
3.3 Iraq
86%
2.8 Kuwait
81%
2.0 Qatar
80%
2.8 Mexico
78%
2.9 Brazil
77%
2.6 Venezuela
71%
1.9 Norway
70%
2.4 Nigeria
57%
1.7 Algeria
51%
1.7 Angola
37%
No matching quizzes found
Score Distribution
Percent of People with Each Score
Percentile by Number Answered
Your Score History
You have not taken this quiz